[Event "Durban CC-ch"]
[Site "Durban"]
[Date "2019.05.09"]
[Round "8"]
[White "Oliver, Henry Noel"]
[Black "Chetty, Lloyd Chris"]
[Result "1/2-1/2"]
[WhiteElo "1787"]
[BlackElo "1311"]
[PlyCount "41"]
[EventDate "2019.03.14"]
[EventType "tourn"]
[EventRounds "9"]
[EventCountry "RSA"]
[SourceTitle "EXT 2020"]
[Source "ChessBase"]
[SourceDate "2019.10.17"]
[SourceVersion "1"]
[SourceVersionDate "2019.10.17"]
[SourceQuality "1"]

1. e4 e5 2. Nf3 d6 3. Bc4 Be7 4. 0-0 Nf6 5. Nc3 0-0 6. d4 exd4 7. Nxd4 Bd7 8. f3 h6 9. Be3 a6 10. a4 Nc6 11. Nxc6 Bxc6 12. Qd2 Qd7 13. a5 Rad8 14. Rad1 Qc8 15. Bxh6 gxh6 16. Qxh6 Nh7 17. Qg6+ Kh8 18. Bxf7 Bf6 19. Nd5 Bxd5 20. exd5 Qd7 21. Be6 1/2-1/2